000 004220000a22001810004500
003 MACL
005 20150812161743.0
008 150812b xxu||||| |||| 00| 0 eng d
040 _aMACL
_cMACL
041 _aEnglish
082 _a370/PRA
100 _aPraveen, G S
_95091
245 _a1000 Movie Quiz
260 _bRupa & Company
_c1992
_aNew Delhi
350 _a30
650 _aEducation
_95092
942 _cBK
_k370
_2ddc
999 _c4809
_d4809